000 00892nam a2200277 c 4500
003 BLK
005 20180422115507.0
008 180411b bul|||||r ||||||| ||bul||
010 _aKNG00195739000
040 _aBLK
041 _aBUL
_cBUL
080 _aБългарска литература
_b821.163.2
_x-1
_z821.163.2-1
100 1 _aПейчев, Иван Петров
_eпърви автор
_9364624
139 _aПейчев, Иван Петров
_bП 33
245 1 0 _aЗнамената са гневни
_bСтихове
_cИван Петров Пейчев.
257 _aBGR
260 София
_bБълг. писател
_c1973
300 _a87 с.
_c21 см
380 _aX
500 _a2 100 тир.
852 _aЦб 67143
856 4 _qpdf
_u
856 4 _qpdf
_u
942 _cKNG
_n0
944 _aCR
_c11.11.2016
_kКети_Илиева
944 _aED
_c11.11.2016
_kКети_Илиева
999 _c186743
_d186743